Ислам : (Record no. 517711)
[ view plain ]
| 000 -LEADER | |
|---|---|
| fixed length control field | 00599nam a2200205 a 4500 |
| 001 - CONTROL NUMBER | |
| control field | 000096873 |
| 003 - CONTROL NUMBER IDENTIFIER | |
| control field | AM-YEHGA |
| 005 - DATE AND TIME OF LATEST TRANSACTION | |
| control field | 20260212123153.0 |
| 008 - FIXED-LENGTH DATA ELEMENTS--GENERAL INFORMATION | |
| fixed length control field | 980216s1962 ru ||||||||||| | |rus|d |
| 040 ## - CATALOGING SOURCE | |
| Original cataloging agency | AM-YEHGA |
| 041 0# - LANGUAGE CODE | |
| Language code of text/sound track or separate title | rus |
| 100 1# - MAIN ENTRY--PERSONAL NAME | |
| Personal name | Климович, Люциан Ипполитович |
| 245 10 - TITLE STATEMENT | |
| Title | Ислам : |
| Remainder of title | Очерки / |
| Statement of responsibility, etc. | Л.И. Климович. |
| 260 ## - PUBLICATION, DISTRIBUTION, ETC. | |
| Place of publication, distribution, etc. | Москва : |
| Name of publisher, distributor, etc. | АН СССР, |
| Date of publication, distribution, etc. | 1962. |
| 300 ## - PHYSICAL DESCRIPTION | |
| Extent | 288 с. |
| Dimensions | 20 см. |
| 440 #0 - SERIES STATEMENT/ADDED ENTRY--TITLE | |
| Title | Научно-популярная серия |
| 550 ## - ISSUING BODY NOTE | |
| Issuing body note | АН СССР. |
| 650 14 - SUBJECT ADDED ENTRY--TOPICAL TERM | |
| Topical term or geographic name entry element | Ислам |
| 942 ## - ADDED ENTRY ELEMENTS (KOHA) | |
| Source of classification or shelving scheme | Universal Decimal Classification |
| Koha item type | Գրքեր / Books |
| Withdrawn status | Lost status | Damaged status | Not for loan | Collection | Home library | Current library | Date acquired | Total checkouts | Full call number | Barcode | Date last seen | Price effective from | Koha item type | Public note | Source of classification or shelving scheme |
|---|---|---|---|---|---|---|---|---|---|---|---|---|---|---|---|
| General | Fundamental Scientific Library | Fundamental Scientific Library | 25/10/2021 | РII/64975 | FL0658918 | 25/10/2021 | 25/10/2021 | Գրքեր / Books | 30 Days Loan | ||||||
| General | Fundamental Scientific Library | Fundamental Scientific Library | 01/11/2021 | РII/65583 | FL0663426 | 01/11/2021 | 01/11/2021 | Գրքեր / Books | 30 Days Loan | ||||||
| General | Fundamental Scientific Library | Fundamental Scientific Library | 23/11/2021 | PII/67755 | FL0664994 | 23/11/2021 | 23/11/2021 | Գրքեր / Books | 30 Days Loan | Universal Decimal Classification | |||||
| Kusikian Individual Collection | Fundamental Scientific Library | Fundamental Scientific Library | 09/10/2025 | Кус/4630 | FL0696138 | 09/10/2025 | 09/10/2025 | Գրքեր / Books | Ill Non-Circ |
ՀՀ Գիտությունների ազգային ակադեմիայի հիմնարար գիտական գրադարան = Fundamental Scientific Library of NAS RA
All site content, except where otherwise noted, is licensed under a